| Tag |
First Indicator |
Second Indicator |
Subfields |
| LEADER |
00000cam a2200000 4500 |
| 001 |
in00001680607 |
| 005 |
20151024131058.0 |
| 008 |
730530s1972 enkc bc 000 0 eng |
| 010 |
|
|
|a 73160266
|
| 015 |
|
|
|a B73-03423
|
| 020 |
|
|
|a 0852160011
|
| 035 |
|
|
|a (OCoLC)ocm00651141
|
| 040 |
|
|
|a DLC
|c DLC
|d TXA
|d UtOrBLW
|
| 043 |
|
|
|a e-uk-en
|
| 049 |
|
|
|a TXAM
|
| 050 |
0 |
0 |
|a Z5315.P68
|b D67
|
| 090 |
|
|
|a CS439.P7915
|b D67 1972
|
| 110 |
2 |
|
|a Dorset County Library.
|
| 245 |
1 |
4 |
|a The Powys family :
|b a catalogue of books by and about the Powys family in Dorset County Library /
|c compiled by staff of Dorset County Library; edited with introduction and notes by Kenneth Carter.
|
| 264 |
|
1 |
|a Dorchester :
|b Dorset County Library,
|c 1972.
|
| 300 |
|
|
|a 4 unnumbered pages, 25 pages, leaf :
|b portrait ;
|c 26 cm.
|
| 336 |
|
|
|a text
|b txt
|2 rdacontent
|
| 337 |
|
|
|a unmediated
|b n
|2 rdamedia
|
| 338 |
|
|
|a volume
|b nc
|2 rdacarrier
|
| 600 |
3 |
0 |
|a Powys family
|x Bibliography
|x Catalogs.
|
| 610 |
2 |
0 |
|a Dorset County Library.
|
| 700 |
1 |
|
|a Carter, Kenneth.
|
| 948 |
|
|
|a cataloged
|b h
|c 2002/5/13
|d c
|e jgreene
|f 2:40:25 pm
|
| 994 |
|
|
|a E0
|b TXA
|
| 999 |
|
|
|a MARS
|
| 999 |
f |
f |
|s 5b6c37ab-b713-31ca-8dcb-2f704c900f05
|i e2b249e0-f210-3bf7-8fa8-18c4a9177d59
|t 0
|
| 952 |
f |
f |
|p noncirc
|a Texas A&M University
|b College Station
|c Cushing Memorial Library & Archives
|d Cushing: Literature/Mitchell (Does not check out)
|t 0
|e CS439.P7915 D67 1972
|h Library of Congress classification
|i unmediated -- volume
|m A14852114918
|
| 952 |
f |
f |
|p ric
|a Texas A&M University
|b Rellis Campus
|c Joint Library Facility
|d Remote Storage
|t 0
|e CS439.P7915 D67 1972
|h Library of Congress classification
|i unmediated -- volume
|m A14828867897
|
| 998 |
f |
f |
|a CS439.P7915 D67 1972
|t 0
|l Remote Storage
|
| 998 |
f |
f |
|a CS439.P7915 D67 1972
|t 0
|l Cushing: Literature/Mitchell (Does not check out)
|